Health Economics
Na minha lista:
| Autor principal: | |
|---|---|
| Outros Autores: | |
| Formato: | Livro |
| Idioma: | inglês |
| Publicado em: |
Cambridge
<The> MIT Press
2017
|
| Edição: | 2nd Edition |
| Assuntos: | |
| Tags: |
Sem tags, seja o primeiro a adicionar uma tag!
|
MARC
| LEADER | 00000nam a2200000 4500 | ||
|---|---|---|---|
| 001 | 0256113 | ||
| 005 | 20240221112808.3 | ||
| 020 | |a 9780262035118 | ||
| 020 | |a 978-0-262-03511-8 | ||
| 041 | 0 | |a eng | |
| 044 | |a US | ||
| 245 | 1 | 0 | |a Health Economics |c Frank A. Sloan and Chee-Ruey Hsieh |
| 250 | |a 2nd Edition | ||
| 264 | 1 | |a Cambridge |b <The> MIT Press |c 2017 | |
| 300 | |a 803 s. | ||
| 610 | 2 | 0 | |a zdravotníctvo |
| 610 | 2 | 0 | |a starostlivosť zdravotná |
| 610 | 2 | 0 | |a dopyt |
| 610 | 2 | 0 | |a poistenie zdravotné |
| 610 | 2 | 0 | |a služby zdravotnícke |
| 610 | 2 | 0 | |a financovanie |
| 610 | 2 | 0 | |a náklady |
| 610 | 2 | 0 | |a populácia |
| 610 | 2 | 0 | |a zdravie |
| 610 | 2 | 0 | |a rast hospodársky |
| 100 | 1 | |a Sloan, Frank A. | |
| 700 | 1 | |a Hsieh, Chee-Ruey | |